| 000 | 01335nam a2200385 i 4500 | ||
|---|---|---|---|
| 001 | 184866 | ||
| 003 | ES-MaACL | ||
| 005 | 20240228102941.0 | ||
| 008 | 160210s2015 sp |||| | spa d | ||
| 020 | _a978-84-16612-07-9 | ||
| 080 | _a342.537 | ||
| 080 | _a340.134 | ||
| 080 | _a340.113 | ||
| 245 | 0 | 0 |
_aMemento práctico Francis Lefebvre. _pTécnica normativa 2016-2017 / _c[director y coordinador, Ignacio Astarloa]. |
| 246 | 3 | 8 | _aMemento técnica normativa: 2016-2017 |
| 246 | 3 | 0 | _aTécnica normativa 2016-2017 |
| 250 | _aAct. a 4 de dic. de 2015. | ||
| 260 |
_aMadrid : _bFrancis Lefebvre, _c2015. |
||
| 300 |
_a624, [12] p. ; _c24 cm. |
||
| 490 | 1 | _aMementos prácticos | |
| 500 | _aAnexos. | ||
| 500 | _aÍndices. | ||
| 504 | _aBibliografía: p. 421-435. | ||
| 596 | _aEn contracub.: Lefebvre. El Derecho. | ||
| 650 | 4 |
_aLegislación. _9136347 |
|
| 650 | 4 |
_aProyectos de ley. _9159410 |
|
| 650 | 0 | 4 |
_aDerecho- _xLenguaje. _911628 |
| 700 | 1 |
_aAstarloa Huarte-Mendicoa, Ignacio. _9158723 |
|
| 710 | 2 |
_aEdiciones Francis Lefebvre. _9158696 |
|
| 710 | 2 |
_aEl Derecho (Editorial) _9158682 |
|
| 830 | 0 |
_aMementos prácticos _9192240 |
|
| 852 |
_aES-MaACL _jA-15286 _9191881 _bR.151084 _cDEPO1 _dOlim: L 342.537 "2016/17" mem _dOlim: Meseton _hDonación: Editorial |
||
| 942 | _2udc | ||
| 999 |
_c184866 _d184866 |
||